000
00294nam a2200121Ia 4500
005
20251222140106.0
008
251222s1900||||xx |||||||||||||| ||spa||
082
_a
190/H27
100
_a
Hawkins, D.J.B.
245
0
_a
Problemas Cruciales de la FilosofĂa Moderna
264
_b
Rialp
942
_c
LIB
999
_c
4111
_d
4111